Phrases cultes: la voie de la raison - Statistiques

Statistiques générales
  • Ce quiz a été pris 112 fois
  • Le résultat moyen est 6 sur 15
Statistiques - réponses
Citations Indices Personne l'ayant prononcée % Correct
Et pourtant, elle tourne ! Il aurait marmonné cette phrase suite à son procès en 1633, pour avoir contredit l'Eglise sur la Terre. Galilée
85%
Paris vaut bien une messe. Pour parvenir au trône et devenir roi de France en 1593, il s'est converti au catholicisme. Henri IV
77%
Il faut vouloir vivre et savoir mourir. Cette citation du premier empereur des Français a acquis une valeur proverbiale. Napoléon Bonaparte
68%
Il est plus difficile de briser un préjugé qu'un atome. Scientifique de renom allemand qui nous dit combien est grande la force des préjugés. Albert Einstein
60%
Science sans conscience n'est que ruine de l'âme. L'auteur de Pantagruel livre un message humaniste pour guider un jeune homme. François Rabelais
60%
N'ayez pas peur. A sa messe d'intronisation, en 1978, il lance ces quelques mots qui lui sont restés accolés. Jean-Paul II
48%
Le succès et la gloire ne nous griseront jamais que les tempes. Un des phares de la chanson française du XXème siècle, il a composé La javanaise... Serge Gainsbourg
43%
Les aspirations des pauvres ne sont pas très éloignées des réalités des riches. Humoriste français du XXème siècle, il est connu pour son humour noir et des thèmes inédits qu'il traite. Pierre Desproges
39%
La Terre est bleue comme une orange. Poème issu du recueil L'amour la poésie, publié en 1929 qui s'inscrit dans le surréalisme. Paul Eluard
35%
Après le pain, l'éducation est le premier besoin du peuple. Le 10 août 1793, il fait voter l'obligation scolaire et la gratuité de l'enseignement primaire. Georges Danton
28%
Il faut donner du temps au temps. Vieille citation tirée de Don Quichotte, il la prononce la première fois au Bundestag, en 1983. François Mitterrand
24%
Il faut savoir arrêter une grève dès que satisfaction a été obtenue. Le chef du PCF, en 1936, temporise avec cette phrase les socialistes qui veulent une révolution. Maurice Thorez
21%
Labourage et pâturage sont les deux mamelles de la France. Le ministre d'Henri IV en 1600 considère que la richesse de la France est le travail des paysans. Duc de Sully
20%
Il ne faut pas être plus royaliste que le roi. A l'époque où l'écrivain écrit ces mots, nous sommes en 1816, en pleine Restauration. François-René de Châteaubriand
16%
Honni soit qui mal y pense ! Le roi d'Angleterre en 1348, lance cette parole pour faire taire les moqueries quand sa jarretière tombe. Edouard III
13%
Aucun quiz correspondant
Distribution des résultats
% des personnes avec chaque résultat
Percentile par nombre de réponses
Votre historique - résultats
Vous n’avez pas pris ce quiz